000 00333 a2200133 4500
000 nam a22 7a 4500
100 _aKothari, C R
110 _aKothari, C R
245 _aResearch Methodology
250 _a5th/Latest edition
260 _bNew Age International
_c2026
264 _bNew Age International
_c2026
942 _cBK
999 _c396826
_d396826